[Event "URU-chTB"]
[Site "Uruguay"]
[Date "2017.07.08"]
[Round "3.2"]
[White "Sosa, Liber"]
[Black "Gomez, Ignacio"]
[Result "1-0"]
[WhiteElo "1741"]
[BlackElo "1816"]
[PlyCount "81"]
[EventDate "2017.07.07"]
[EventType "team-swiss"]
[EventRounds "5"]
[EventCountry "URU"]
[SourceTitle "EXT 2018"]
[Source "ChessBase"]
[SourceDate "2017.10.13"]
[SourceVersion "1"]
[SourceVersionDate "2017.10.13"]
[SourceQuality "1"]
[WhiteTeam "LP Zwischenzug"]
[BlackTeam "La Proa II"]
[WhiteTeamCountry "URU"]
[BlackTeamCountry "URU"]

1. e4 e6 2. d4 d5 3. exd5 exd5 4. c4 c6 5. Nc3 Nf6 6. cxd5 cxd5 7. Bd3 Nc6 8. Nge2 Be6 9. 0-0 Bd6 10. h3 Qd7 11. Nb5 Bb8 12. Nf4 a6 13. Nxe6 fxe6 14. Qa4 0-0 15. Nc3 b5 16. Qd1 Qd6 17. g3 Ra7 18. Bf4 Qd8 19. Bxb8 Qxb8 20. Rc1 Qb6 21. a4 Nxd4 22. a5 Qxa5 23. Bxh7+ Kxh7 24. Qxd4 Raf7 25. Ra1 Qc7 26. Rxa6 Nh5 27. Nxb5 Qb8 28. Rb6 Qd8 29. Qd3+ Kg8 30. Rxe6 Qd7 31. Nd4 Qc7 32. Rg6 Rf6 33. Ne6 Rxe6 34. Rxe6 Qd7 35. Qg6 Nf6 36. Rfe1 Ne8 37. R1e2 Qa7 38. Rxe8 Rxe8 39. Qxe8+ Kh7 40. Qh5+ Kg8 41. Qxd5+ 1-0

[Event "URU-chTB"]
[Site "Uruguay"]
[Date "2017.07.07"]
[Round "1.3"]
[White "Esteves, Gaston"]
[Black "Gomez, Ignacio"]
[Result "1/2-1/2"]
[WhiteElo "1786"]
[BlackElo "1816"]
[PlyCount "54"]
[EventDate "2017.07.07"]
[EventType "team-swiss"]
[EventRounds "5"]
[EventCountry "URU"]
[SourceTitle "EXT 2018"]
[Source "ChessBase"]
[SourceDate "2017.10.13"]
[SourceVersion "1"]
[SourceVersionDate "2017.10.13"]
[SourceQuality "1"]
[WhiteTeam "Urreta"]
[BlackTeam "La Proa II"]
[WhiteTeamCountry "URU"]
[BlackTeamCountry "URU"]

1. e4 e6 2. d4 d5 3. Nd2 dxe4 4. Nxe4 Nd7 5. Nf3 Ngf6 6. Bd3 Nxe4 7. Bxe4 Nf6 8. Bg5 Be7 9. Bd3 0-0 10. 0-0 c5 11. dxc5 Bxc5 12. Qe2 Be7 13. Rad1 Qa5 14. Ra1 Bd7 15. h4 Bc6 16. c3 Bxf3 17. Qxf3 Qb6 18. Qe2 h6 19. Be3 Qc7 20. Bd4 Qf4 21. g3 Qg4 22. Qxg4 Nxg4 23. Rfe1 Rfd8 24. Be2 Nf6 25. Rad1 Nd7 26. Bf3 Rab8 27. a3 b6 1/2-1/2

[Event "Pan American-ch Amateur"]
[Site "Montevideo"]
[Date "2013.10.28"]
[Round "9"]
[White "Gomez, Ignacio"]
[Black "Guidali, Leonardo"]
[Result "1-0"]
[WhiteElo "1787"]
[BlackElo "1769"]
[PlyCount "37"]
[EventDate "2013.10.24"]
[EventType "swiss"]
[EventRounds "9"]
[EventCountry "URU"]
[SourceTitle "EXT 2014"]
[Source "ChessBase"]
[SourceDate "2013.11.20"]
[SourceVersion "1"]
[SourceVersionDate "2013.11.20"]
[SourceQuality "1"]

1. d4 d5 2. Nf3 Nf6 3. Bf4 e6 4. e3 Bd6 5. Bg3 Nbd7 6. Bd3 b6 7. Nbd2 Bb7 8. c3 Ne4 9. Qc2 Ndf6 10. Bh4 Be7 11. Bxf6 Nxf6 12. Ne5 0-0 13. g4 Bd6 14. Rg1 h6 15. f4 c5 16. g5 c4 17. gxf6 cxd3 18. Rxg7+ Kh8 19. Qxd3 1-0

[Event "Pan American-ch Amateur"]
[Site "Montevideo"]
[Date "2013.10.28"]
[Round "8"]
[White "Perez, Jose Luis"]
[Black "Gomez, Ignacio"]
[Result "0-1"]
[WhiteElo "1517"]
[BlackElo "1787"]
[PlyCount "82"]
[EventDate "2013.10.24"]
[EventType "swiss"]
[EventRounds "9"]
[EventCountry "URU"]
[SourceTitle "EXT 2014"]
[Source "ChessBase"]
[SourceDate "2013.11.20"]
[SourceVersion "1"]
[SourceVersionDate "2013.11.20"]
[SourceQuality "1"]

1. d4 Nf6 2. Nf3 d5 3. e3 Bf5 4. c4 e6 5. Qb3 b6 6. Nc3 c6 7. Bd2 Nbd7 8. Rc1 Bd6 9. g3 0-0 10. Bg2 Rb8 11. 0-0 Bd3 12. Rfe1 Bxc4 13. Qc2 c5 14. b3 Ba6 15. Nd1 Rc8 16. Qb2 Qe7 17. Ne5 cxd4 18. Rxc8 Rxc8 19. exd4 Ba3 20. Qa1 Nxe5 21. dxe5 Nd7 22. Ne3 h6 23. Ng4 Rc2 24. Qd1 Qc5 25. Be3 Qc7 26. h4 Rxa2 27. h5 Qc2 28. Nxh6+ Kf8 29. Qd4 gxh6 30. Bxh6+ Ke8 31. Be3 Bc5 32. Qf4 Bxe3 33. Rxe3 Ra1+ 34. Kh2 Qd1 35. g4 Bf1 36. Rc3 Nc5 37. Qg5 Bxg2 38. Qg8+ Ke7 39. Qg5+ Kd7 40. Kxg2 Qh1+ 41. Kg3 Ne4+ 0-1